Normal view
MARC view
Entry Personal Name
001 - CONTROL NUMBER
- control field: 5490
003 - CONTROL NUMBER IDENTIFIER
- control field: ARRUPE
005 - DATE AND TIME OF LATEST TRANSACTION
- control field: 20131210173834.0
008 - FIXED-LENGTH DATA ELEMENTS
- fixed length control field: 131210|| aca||aabn | a|a d
040 ## - CATALOGING SOURCE
- Original cataloging agency: ARRUPE
- Transcribing agency: ARRUPE
100 ## - HEADING--PERSONAL NAME
- Personal name: Fischer, H.J.
670 ## - SOURCE DATA FOUND
- Source citation: Work cat.: (ARRUPE): Fischer, H.J., Pope Benedict XVI, 2005